000 00280pab a2200121 454500
008 180718b xxu||||| |||| 00| 0 eng d
100 _aRai, Usha
245 _aKonkan railroads all in way
650 _a Railways
650 _aEnvironment
773 _aIndian Express
909 _a21742
999 _c21742
_d21742